History Quiz

Random History or Nation Quiz

Modern History: 1950-1974 Quiz Stats

 Plays Quiz Updated May 1, 2020

     
Support Sporcle.
Go Orange.
Score 0/25 Timer 06:00
5 Plays Today
% Correct
1969
96.5%
1962
95.3%
1960
95.2%
1963
95%
1958
94.9%
1959
94.7%
1954
94.6%
1966
94.5%
1951
94.4%
1953
94.3%
1971
94.3%
1957
94.2%
1965
94.1%
% Correct
1955
93.7%
1964
93.6%
1952
93.1%
1970
92.5%
1956
92.1%
1974
92%
1973
91.9%
1972
91.7%
1968
90.2%
1961
89.9%
1950
86.8%
1967
86.6%

From the Vault

Famous Howards

by Derek

Before taking this quiz, ask yourself - Howard can it be?
Remove Ads.
Support Sporcle.
Get the best of Sporcle when you Go Orange. This ad-free experience offers more features, more stats, and more fun while also helping to support Sporcle. Thank you for becoming a member.

Show Comments

Extras

Top Quizzes Today


Score Distribution

Your Account Isn't Verified!

In order to create a playlist on Sporcle, you need to verify the email address you used during registration. Go to your Sporcle Settings to finish the process.

Report this User

Report this user for behavior that violates our Community Guidelines.

Details: